00000000nam##2200000za#4500
0019.698132
003CaOODSP
00520210624235807
007cr |||||||||||
008150407|1999||||xxc|||||o    f|0| 0 eng|d
040 |aCaOODSP|beng
043 |an-cn---
0861 |aRH64-71/1999E-PDF
1101 |aCanada.|bHuman Resources Development Canada. |bStrategic Policy.
24510|aNational synthesis of mid-term review of regional bilateral agreements / |h[electronic resource]|c[by] Evaluation and Data Development.
260 |aOttawa - Ontario : |bHuman Resources Development Canada. |cMarch 1999.
300 |a86p.|bfigs., tables
590 |a13-16-Supp|b2013-07-12
69007|aService agreements|2gcpds
69007|aFederal provincial agreements|2gcpds
77508|tSynthèse nationale de l'examen à mi-parcours des ententes bilatérales régionales / |w(CaOODSP)9.642126
85640|ahttp://publications.gc.ca|qPDF|s909 KB|uhttps://publications.gc.ca/collections/collection_2013/rhdcc-hrsdc/RH64-71-1999-eng.pdf
986 |aSP-AH098-03-99E